01801nam a2200361Ia 4500001001200000003000800012006001900020007001500039008004100054010001700095020002200112040002100134035002100155050002500176110010900201245032500310260005500635300002500690490006100715504005100776505002200827533015200849650004201001650003701043650003601080650003901116655002901155700005201184700004301236710001701279856012601296999001701422ebr10078098CaPaEBRm u cr cn|||||||||910614s1991 dcua sb 001 0 eng d z 91062261  z0309045428 (v. 2) aCaPaEBRcCaPaEBR a(OCoLC)72682337614aHD30.23b.N38 1991eb2 aNational Research Council (U.S.).bPanel to Evaluate Microsimulation Models for Social Welfare Programs.10aTechnical papersh[electronic resource] :bthe uses of microsimulation modeling /cConstance F. Citro and Eric A. Hanushek, editors ; Panel to Evaluate Microsimulation Models for Social Welfare Programs, Committee on National Statistics, Commission on Behavioral and Social Sciences Education, National Research Council. aWashington, D.C. :bNational Academy Press,c1991. aviii, 351 p. :bill.0 aImproving information for social policy decisions ;vv.2 aIncludes bibliographical references and index.0 aTechnical papers. aElectronic reproduction.bPalo Alto, Calif. :cebrary,d2011.nAvailable via World Wide Web.nAccess may be limited to ebrary affiliated libraries. 0aDecision makingxMathematical models. 0aPublic welfarexDecision making. 0aSocial policyxDecision making. 0aSocial policyxSimulation methods. 7aElectronic books.2local1 aCitro, Constance F.q(Constance Forbes),d1942-1 aHanushek, Eric A.q(Eric Alan),d1943-2 aebrary, Inc.40uhttp://site.ebrary.com/lib/rucke/Doc?id=10078098zAn electronic book accessible through the World Wide Web; click to view c53745d53745